Statistiken für Spanischer WM-Kader 2010

Klicken Sie hier um das Quiz zu spielen!

Allgemein

  • Dieses Quiz wurde 592 mal gespielt
  • Das Durchschnittsergebnis liegt bei 13 aus 24

Antwortstatistiken

PositionName% Korrekt
MittelfeldXavi
97%
MittelfeldAndres Iniesta
96%
TorwartIker Casillas
92%
AbwehrSergio Ramos
90%
SturmFernando Torres
88%
AbwehrGerard Pique
88%
SturmDavid Villa
85%
AbwehrCarles Puyol
83%
MittelfeldSergio Busquets
74%
MittelfeldXabi Alonso
67%
MittelfeldDavid Silva
50%
TowartVictor Valdes
50%
TrainerVicente del Bosque
48%
MittelfeldCesc Fabregas
45%
SturmPedro
44%
TorwartJose Manuel Reina
36%
AbwehrRaul Albiol
28%
AbwehrAlvaro Arbeloa
25%
AbwehrCapdevila
25%
MittelfeldJavi Martinez
25%
MittelfeldJesus Navas
22%
MittelfeldJuan Mata
20%
SturmFernando Llorente
18%
AbwehrCarlos Marchena
9%

Verteilung der Resultate

Perzentil nach korrekt beantworteten Fragen

Anzahl Personen mit jedem Resultat

Ihre Resultats-Entwicklung

Sie haben dieses Quiz noch nicht gespielt